Quelles musiques n'existent pas ? 2 - Statistiques

Statistiques générales
  • Ce quiz a été pris 129 fois
  • Le résultat moyen est 6 sur 15
Statistiques - réponses
Question Réponse % Correct
Soso Maness Kalash
71%
Freeze Corleone Mexico
57%
Ziak Violence
57%
Rim'k Coco
43%
Siboy Envy
43%
Naps OM
43%
Gazo Sakado
43%
YL Tiek
43%
Mister V Triple Dash
43%
RK Himalaya
29%
Kalash Criminel Maillot Noir
29%
SDM Manchester
29%
Kaaris Money
29%
Nash Pourquoi
14%
Uzi Akrapo 7
0%
Aucun quiz correspondant
Distribution des résultats
% des personnes avec chaque résultat
Percentile par nombre de réponses
Votre historique - résultats
Vous n’avez pas pris ce quiz